000 00534nam a2200169 i 4500
001 134038
003 ES-MaACL
005 20230906194602.0
007 t|
008 070905s1912 fr ||||1| fre d
100 1 _aWard, Humphry.
_9116076
245 1 0 _aSir George Tressady
_b: roman /
_cHumphry Ward ; traduit du l'anglais par J. de Mestral-Combremont.
260 _a[S.l. :
_bs.n.],
_c1912 (
_eTours :
_fE. Arrault)
300 _a324 p. ;
_c19 cm.
700 1 _aMestral Combremont, Julie de.
_980693
852 _aES-MaACL
_jF-1370
999 _c134038
_d134038